Loreto College Library, Kolkata
WEBOPAC (ONLINE PUBLIC ACCESS CATALOGUE)

The Communist manifesto of Karl Marx and Friedrich Engels (Record no. 419)

MARC details
000 -LEADER
fixed length control field 00705nam a2200217Ia 4500
005 - DATE AND TIME OF LATEST TRANSACTION
control field 20211201153114.0
008 - FIXED-LENGTH DATA ELEMENTS--GENERAL INFORMATION
fixed length control field 131103s9999 xx 000 0 und d
040 ## - CATALOGING SOURCE
Original cataloging agency Loreto College
041 ## - LANGUAGE CODE
Language code English
082 ## - DDC | ডিউই
Classification number | বর্গসংখ্যা 320.5
Book Number | গ্রন্থাঙ্ক MAR
100 ## - MAIN ENTRY--PERSONAL NAME | মুখ্য সংলেখ - ব্যাক্তিনাম
Personal name | ব্যাক্তিনাম Marx, Karl
245 #4 - TITLE STATEMENT | অাখ্যা বিবরণী
Title | অাখ্যা The Communist manifesto of Karl Marx and Friedrich Engels
Statement of responsibility | লেখকের দায়িত্বের বিবরণ with an introduction and explanatory notes by D. Ryazanoff
260 ## - IMPRINT | প্রকাশনা ক্ষেত্র
Place of publication | প্রকাশ স্থান Calcutta
Name of publisher | প্রকাশকের নাম Radical Book Club
Date of publication | প্রকাশ কাল 1944(1975 printing)
300 ## - PHYSICAL DESCRIPTION |
Page / Vol. No | পৃষ্ঠা / খন্ড সংখ্যা viii,360 p.
504 ## - BIBLIOGRAPHY, ETC. NOTE
Bibliography, etc Includes bibliographical references and index
650 ## - SUBJECT ADDED ENTRY--TOPICAL TERM | বিষয় শিরোনাম - মূল বিষয়
Topical term | মূল বিষয় Politics - Political Ideology - Marxism -
651 ## - SUBJECT ADDED ENTRY--GEOGRAPHIC NAME | বিষয় শিরোনাম - ভৌগলিক নাম
Geographic name | ভৌগলিক বিষয় Political Science -
700 ## - ADDED ENTRY--PERSONAL NAME | অতিরিক্ত সংলেখ - ব্
Personal name | ব্যাক্তিনাম Engels, Friedrich
850 ## - HOLDING INSTITUTION
Holding institution LCLIB
942 ## - ADDED ENTRY ELEMENTS (KOHA)
Koha item type Books
Holdings
Withdrawn status Lost status Source of classification Damaged status Not for loan Home library Current library Date acquired Total Checkouts Full call number Accession No. Date last seen Date checked out Price effective from Koha item type
    Dewey Decimal Classification     Loreto College Loreto College 04/11/2013 1 320.5 MAR 26773 B17550 25/11/2024 25/11/2024 04/11/2013 Books
    Dewey Decimal Classification     Loreto College Loreto College 04/11/2013   320.5 MAR B429 04/11/2013   04/11/2013 Books